Loading...
| Literature - World | 0 | 10 | 2 | 1 | 90 | 58 | 91.20 | 3 | 8 | 0.00 | 0.00 |
| Fine Arts - Classical Music | 0 | 9 | 1 | 1 | 85 | 41 | 88.89 | 2 | 4 | 0.00 | 0.00 |
| Fine Arts - Painting & Sculpture | 0 | 7 | 2 | 0 | 60 | 41 | 88.86 | 2 | 4 | 0.00 | 0.00 |
| Literature - European | 0 | 6 | 1 | 0 | 55 | 62 | 92.67 | 3 | 5 | 0.00 | 0.00 |
| Literature - American | 0 | 5 | 0 | 1 | 50 | 103 | 119.60 | 1 | 3 | 0.00 | 0.00 |
| Philosophy | 0 | 5 | 0 | 1 | 50 | 66 | 100.40 | 1 | 3 | 0.00 | 0.00 |
| Mythology | 0 | 5 | 1 | 0 | 45 | 71 | 93.40 | 0 | 3 | 0.00 | 0.00 |
| Literature - British | 0 | 5 | 1 | 0 | 45 | 20 | 78.80 | 2 | 3 | 0.00 | 0.00 |
| Science - Other | 0 | 3 | 0 | 0 | 30 | 12 | 89.00 | 1 | 2 | 0.00 | 0.00 |
| Religion | 0 | 3 | 0 | 0 | 30 | 37 | 75.67 | 1 | 2 | 0.00 | 0.00 |
| Other | 0 | 2 | 0 | 0 | 20 | 93 | 101.00 | 0 | 2 | 0.00 | 0.00 |
| Fine Arts - Other | 0 | 2 | 0 | 0 | 20 | 74 | 90.00 | 0 | 2 | 0.00 | 0.00 |
| Science - Biology | 0 | 2 | 0 | 0 | 20 | 82 | 84.00 | 0 | 2 | 0.00 | 0.00 |
| Social Science | 0 | 1 | 0 | 0 | 10 | 91 | 91.00 | 0 | 1 | 0.00 | 0.00 |
| Science - Chemistry | 0 | 1 | 0 | 0 | 10 | 117 | 117.00 | 0 | 0 | 0.00 | 0.00 |
| Science - Physics | 0 | 1 | 1 | 0 | 5 | 96 | 96.00 | 0 | 1 | 0.00 | 0.00 |
| History - European | 0 | 0 | 1 | 0 | -5 | 0.00 | 0 | 0 | 0.00 | 0.00 |